[Event "Florianopolis Taca Cup"]
[Site "Florianopolis"]
[Date "2017.03.25"]
[Round "4"]
[White "Santana Freitas, Maria Eduarda"]
[Black "Balbys, Fernanda Santoro Bo"]
[Result "0-1"]
[WhiteElo "1495"]
[BlackElo "1576"]
[PlyCount "98"]
[EventDate "2017.03.24"]
[EventType "swiss"]
[EventRounds "6"]
[EventCountry "BRA"]
[SourceTitle "CBM 177 Extra"]
[Source "ChessBase"]
[SourceDate "2017.04.27"]
[SourceVersion "1"]
[SourceVersionDate "2017.04.27"]
[SourceQuality "1"]

1. e4 e6 2. d4 d5 3. Nc3 dxe4 4. Nxe4 Nd7 5. Nf3 Ngf6 6. Bd3 Nxe4 7. Bxe4 Nf6 8. Bg5 h6 9. Bxf6 Qxf6 10. Qd2 c5 11. 0-0-0 Bd6 12. Kb1 0-0 13. Qa5 b6 14. Qb5 Rb8 15. Qd3 Bb7 16. Rhe1 Rfd8 17. Bxb7 Rxb7 18. Qe4 Rbd7 19. Rd3 Be7 20. Red1 cxd4 21. Ne5 Rd5 22. Nc6 R8d7 23. Nxe7+ Qxe7 24. c3 Qf6 25. cxd4 Qxf2 26. R3d2 Qf6 27. Rd3 Qf5 28. Qe2 Rxd4 29. Kc2 Rxd3 30. Rxd3 Qxd3+ 31. Qxd3 Rxd3 32. Kxd3 Kf8 33. Kc4 a6 34. a4 Ke7 35. b4 Kd6 36. a5 b5+ 37. Kd4 f5 38. g3 e5+ 39. Kd3 Kd5 40. Ke3 g5 41. h3 f4+ 42. Kf2 Kd4 43. g4 e4 44. Ke2 f3+ 45. Kf2 Kd3 46. Ke1 e3 47. Kd1 e2+ 48. Ke1 Ke3 49. h4 f2# 0-1

[Event "Florianopolis Ribeiro Neto Memorial"]
[Site "Florianopolis"]
[Date "2016.10.01"]
[Round "4.8"]
[White "Balbys, Fernanda Santoro Bo"]
[Black "De Almeida, Cesar Ricardo"]
[Result "0-1"]
[WhiteElo "1610"]
[BlackElo "1523"]
[PlyCount "76"]
[EventDate "2016.09.30"]
[EventType "swiss"]
[EventRounds "6"]
[EventCountry "BRA"]
[SourceTitle "EXT 2022"]
[Source "ChessBase"]
[SourceDate "2021.10.06"]
[SourceVersion "1"]
[SourceVersionDate "2021.10.06"]
[SourceQuality "1"]

1. d4 d5 2. c4 c6 3. e3 Bf5 4. Nc3 Nf6 5. Nf3 e6 6. Bd3 Bg6 7. cxd5 cxd5 8. 0-0 Nbd7 9. Bd2 Bxd3 10. Re1 Bg6 11. Rc1 Rc8 12. Qe2 a6 13. a3 Bd6 14. Nh4 Bh5 15. Qd3 0-0 16. f3 g5 17. e4 gxh4 18. Bh6 Re8 19. e5 Be7 20. Qe3 Bg6 21. Qf4 Nh5 22. Qg4 Ng7 23. f4 Nf5 24. Bg5 Bxg5 25. fxg5 Kh8 26. Rcd1 Qb6 27. Rd2 Rc4 28. Ne2 Nxe5 29. Qf4 Nd7 30. Nc3 Rxd4 31. Rxd4 Qxd4+ 32. Qxd4+ Nxd4 33. Nxd5 Nc2 34. Re2 Bd3 35. Rd2 exd5 36. Rxd3 Nc5 37. Rc3 Re1+ 38. Kf2 Ne4+ 0-1

[Event "Florianopolis Winter U220 op"]
[Site "Florianopolis"]
[Date "2016.08.20"]
[Round "3"]
[White "Balbys, Fernanda Santoro Bo"]
[Black "Da Silva, Mateus Santiago"]
[Result "0-1"]
[WhiteElo "1679"]
[BlackElo "1623"]
[PlyCount "104"]
[EventDate "2016.08.19"]
[EventType "swiss"]
[EventRounds "7"]
[EventCountry "BRA"]
[SourceTitle "CBM 174 Extra"]
[Source "ChessBase"]
[SourceDate "2016.10.10"]
[SourceVersion "1"]
[SourceVersionDate "2016.10.10"]
[SourceQuality "1"]

1. d4 Nf6 2. c4 g6 3. Nc3 Bg7 4. e4 d6 5. Nf3 0-0 6. g3 e5 7. Bg2 Nc6 8. d5 Ne7 9. 0-0 c6 10. h3 cxd5 11. cxd5 Bd7 12. Be3 Ne8 13. Qb3 b6 14. Qb4 f5 15. Rac1 f4 16. Bd2 Bh6 17. g4 Nc8 18. Nb5 a6 19. Nc3 Rf7 20. Qc4 b5 21. Qd3 b4 22. Ne2 Bb5 23. Rc4 Bxc4 24. Qxc4 a5 25. Qc6 Raa7 26. h4 Qd7 27. Qxd7 Rfxd7 28. g5 Bg7 29. Bh3 Rdc7 30. Nc1 Rc2 31. Rd1 Nb6 32. b3 Nc7 33. Bf1 Na6 34. Bd3 Rcc7 35. Ne2 Nc5 36. Bb1 h6 37. Bc1 a4 38. Bd2 axb3 39. axb3 Nxb3 40. Bxb4 Nc5 41. Nd2 Nba4 42. Bc2 hxg5 43. hxg5 Bf8 44. Kg2 Be7 45. Nf3 Rcb7 46. Ba3 Nd7 47. Ra1 Nac5 48. Nc3 Nb3 49. Ra2 Ndc5 50. Kh3 Bd8 51. Kg4 Ba5 52. Ne2 Bb4 0-1

[Event "Florianopolis Winter U220 op"]
[Site "Florianopolis"]
[Date "2016.08.20"]
[Round "5"]
[White "Balbys, Fernanda Santoro Bo"]
[Black "Pereira Fo, Hildebrando Apolon"]
[Result "0-1"]
[WhiteElo "1679"]
[BlackElo "1761"]
[PlyCount "84"]
[EventDate "2016.08.19"]
[EventType "swiss"]
[EventRounds "7"]
[EventCountry "BRA"]
[SourceTitle "CBM 174 Extra"]
[Source "ChessBase"]
[SourceDate "2016.10.10"]
[SourceVersion "1"]
[SourceVersionDate "2016.10.10"]
[SourceQuality "1"]

1. d4 d5 2. c4 c6 3. Nf3 g6 4. Nc3 Bg7 5. Bf4 Nf6 6. e3 0-0 7. Bd3 Nbd7 8. 0-0 Nh5 9. Bg3 Nxg3 10. fxg3 Nf6 11. Qb3 b6 12. cxd5 Nxd5 13. Nxd5 cxd5 14. Rac1 Qd6 15. Rc3 e5 16. dxe5 Bxe5 17. Nxe5 Qxe5 18. Bb5 Be6 19. Qd1 d4 20. Rb3 Bxb3 21. Qxb3 Qxe3+ 22. Qxe3 dxe3 23. Re1 Rad8 24. Rxe3 Rd2 25. Re2 Rfd8 26. Kf2 Kf8 27. Ke3 Rxe2+ 28. Kxe2 Ke7 29. b3 Kd6 30. Bc4 f6 31. Ke3 Re8+ 32. Kf3 Re5 33. h3 Kc5 34. a4 Kb4 35. g4 g5 36. Kf2 Rc5 37. Ke3 Rxc4 38. bxc4 Kxa4 39. Ke4 Kb4 40. Kf5 a5 41. Kxf6 a4 42. Kxg5 a3 0-1

[Event "BRA-ch U20 Girls"]
[Site "Icara"]
[Date "2016.06.24"]
[Round "2"]
[White "Alboredo, Julia"]
[Black "Balbys, Fernanda Santoro Bo"]
[Result "1-0"]
[WhiteElo "2147"]
[BlackElo "1627"]
[PlyCount "49"]
[EventDate "2016.06.23"]
[EventType "swiss"]
[EventRounds "7"]
[EventCountry "BRA"]
[SourceTitle "EXT 2017"]
[Source "ChessBase"]
[SourceDate "2016.10.25"]
[SourceVersion "1"]
[SourceVersionDate "2016.10.25"]
[SourceQuality "1"]

1. e4 e6 2. d4 d5 3. Nc3 dxe4 4. Nxe4 Nd7 5. Nf3 Ngf6 6. Nxf6+ Nxf6 7. Bd3 c5 8. Be3 cxd4 9. Bxd4 Be7 10. c3 0-0 11. Qc2 b6 12. Bxf6 Bxf6 13. Bxh7+ Kh8 14. Be4 Rb8 15. 0-0 Ba6 16. Rfe1 g5 17. Rad1 Qc7 18. Qc1 Rg8 19. h4 Qe7 20. hxg5 Bxg5 21. Nxg5 Rxg5 22. Qf4 Rbg8 23. Re3 R8g7 24. Rh3+ Kg8 25. Qb8+ 1-0

[Event "Florianopolis-ch 33rd"]
[Site "Florianopolis"]
[Date "2016.06.05"]
[Round "5"]
[White "Masselli, Eduardo"]
[Black "Balbys, Fernanda Santoro Bo"]
[Result "0-1"]
[WhiteElo "1574"]
[BlackElo "1627"]
[PlyCount "116"]
[EventDate "2016.06.03"]
[EventType "swiss"]
[EventRounds "6"]
[EventCountry "BRA"]
[SourceTitle "CBM 172 Extra"]
[Source "ChessBase"]
[SourceDate "2016.06.21"]
[SourceVersion "1"]
[SourceVersionDate "2016.06.21"]
[SourceQuality "1"]

1. e4 c6 2. d4 d5 3. exd5 cxd5 4. Nf3 Nf6 5. Be3 Bg4 6. h3 Bh5 7. Be2 e6 8. 0-0 Bd6 9. Nc3 Nbd7 10. Ne1 Bg6 11. Bd3 Bxd3 12. Qxd3 a6 13. f4 h5 14. Nf3 Ng4 15. hxg4 hxg4 16. Ng5 Ke7 17. Qe2 Nf6 18. Kf2 Rh2 19. Rh1 Qh8 20. Qf1 Nd7 21. Rxh2 Qxh2 22. Ne2 Rh8 23. Qg1 Qh4+ 24. Ng3 f6 25. Nxe6 Kxe6 26. Re1 Kf7 27. Qh1 g5 28. Qxh4 gxh4 29. Nf5 Ke6 30. Ng7+ Kf7 31. Nf5 Ke6 32. Nxd6 Kxd6 33. Rh1 f5 34. Bd2 Nf6 35. Bb4+ Ke6 36. Re1+ Ne4+ 37. Kg1 Kd7 38. Kh2 Rh7 39. Kg1 h3 40. gxh3 Rxh3 41. Kg2 Rh7 42. Re3 Kc6 43. a4 Rh4 44. Be1 Rh7 45. Rb3 Re7 46. Bb4 Rh7 47. Ba5 b5 48. axb5+ axb5 49. Be1 Ra7 50. Bh4 Ra4 51. c3 Nd2 52. Ra3 Rxa3 53. bxa3 Nb1 54. Be7 Nxc3 55. Bb4 Ne2 56. Bc5 Nxf4+ 57. Kg3 Ne6 58. Be7 Kd7 0-1

[Event "Santa Catarina-ch sf1"]
[Site "Sao Bento do Sul"]
[Date "2016.03.06"]
[Round "6"]
[White "Wiltner, Matheus H Andrukiu"]
[Black "Balbys, Fernanda Santoro Bo"]
[Result "1-0"]
[WhiteElo "1566"]
[BlackElo "1690"]
[PlyCount "55"]
[EventDate "2016.03.04"]
[EventType "swiss"]
[EventRounds "6"]
[EventCountry "BRA"]
[SourceTitle "EXT 2018"]
[Source "ChessBase"]
[SourceDate "2017.10.13"]
[SourceVersion "1"]
[SourceVersionDate "2017.10.13"]
[SourceQuality "1"]

1. d4 d5 2. c4 e6 3. Nc3 Nf6 4. a3 Be7 5. e3 0-0 6. Nf3 Re8 7. Bd3 dxc4 8. Bxc4 b6 9. Bd2 Bb7 10. Rc1 c5 11. 0-0 Nc6 12. Bb5 Rf8 13. Ne2 Rc8 14. Bc3 Ne4 15. dxc5 Bxc5 16. Qa4 Nxc3 17. Nxc3 Qe7 18. Ba6 Rfd8 19. Bxb7 Qxb7 20. Qg4 h6 21. Ne4 Be7 22. Ng3 Nb8 23. Nh5 Bf8 24. Nd4 Nd7 25. Nb5 Ne5 26. Qg3 Rxc1 27. Rxc1 Qd5 28. Nf6+ 1-0

[Event "Florianopolis Taca op"]
[Site "Florianopolis"]
[Date "2015.10.12"]
[Round "6"]
[White "Marques, Marcos Antonio Jr"]
[Black "Balbys, Fernanda Santoro Bo"]
[Result "1-0"]
[WhiteElo "1776"]
[BlackElo "1607"]
[PlyCount "73"]
[EventDate "2015.10.09"]
[EventType "swiss"]
[EventRounds "6"]
[EventCountry "BRA"]
[SourceTitle "CBM 168 Extra"]
[Source "ChessBase"]
[SourceDate "2015.10.29"]
[SourceVersion "1"]
[SourceVersionDate "2015.10.29"]
[SourceQuality "1"]

1. Nf3 d5 2. c4 e6 3. b3 Nf6 4. Bb2 dxc4 5. bxc4 c5 6. g3 b6 7. Bg2 Bb7 8. 0-0 Be7 9. Nc3 0-0 10. Qc2 Nc6 11. a3 Re8 12. e3 Qc7 13. Ne2 e5 14. Nxe5 Nxe5 15. Bxb7 Qxb7 16. Bxe5 Ng4 17. Bb2 Qf3 18. Nf4 Bd6 19. Qd1 Qxd1 20. Rfxd1 Rad8 21. Nd5 Nh6 22. d3 b5 23. f3 Rb8 24. Rab1 f6 25. Bxf6 Rf8 26. Be7 Bxe7 27. Nxe7+ Kh8 28. Kg2 Rfe8 29. Nd5 a6 30. e4 Nf7 31. cxb5 axb5 32. Nc7 Re7 33. Rxb5 Rxb5 34. Nxb5 Rb7 35. a4 Nd8 36. f4 Nc6 37. Rc1 1-0

[Event "Florianopolis Taca op"]
[Site "Florianopolis"]
[Date "2015.10.11"]
[Round "5"]
[White "Balbys, Fernanda Santoro Bo"]
[Black "Cezar, Ricardo de Almeida"]
[Result "1-0"]
[WhiteElo "1607"]
[BlackElo "1661"]
[PlyCount "115"]
[EventDate "2015.10.09"]
[EventType "swiss"]
[EventRounds "6"]
[EventCountry "BRA"]
[SourceTitle "CBM 168 Extra"]
[Source "ChessBase"]
[SourceDate "2015.10.29"]
[SourceVersion "1"]
[SourceVersionDate "2015.10.29"]
[SourceQuality "1"]

1. d4 Nf6 2. c4 g6 3. Nc3 Bg7 4. e4 0-0 5. Nf3 d6 6. Be2 e5 7. 0-0 Nc6 8. d5 Ne7 9. Ne1 Nd7 10. Nd3 f5 11. b4 Nf6 12. f3 f4 13. Bd2 g5 14. c5 h5 15. h3 Ng6 16. Rc1 Bd7 17. cxd6 cxd6 18. Nf2 a6 19. a4 b6 20. Qb3 Rf7 21. Qa3 Bf8 22. Ncd1 Rg7 23. Nb2 Ra7 24. Nc4 Bxa4 25. Nxb6 Bb5 26. Nc4 Nd7 27. Rfe1 Nb6 28. Na5 Rac7 29. Bxb5 axb5 30. Nc6 Qe8 31. Qa6 Nc4 32. Re2 Nxd2 33. Rxd2 Rb7 34. Na5 Ra7 35. Qc6 Qd7 36. Qxd7 Rgxd7 37. Rc6 Be7 38. Rb6 Bd8 39. Rxb5 Ra8 40. Rb7 Rxb7 41. Nxb7 Bb6 42. Kf1 Bc7 43. Rc2 Bb8 44. Na5 Ba7 45. Rc6 Kf7 46. Rxd6 Bd4 47. Nd3 Ne7 48. Rd7 Kf6 49. Rc7 Nc8 50. Nc5 Nd6 51. Nd7+ Kg6 52. Rc6 Kg7 53. Rxd6 Rd8 54. Nb7 Ra8 55. Na5 Rd8 56. Nc4 Ra8 57. Ndxe5 Ra1+ 58. Ke2 1-0

[Event "Florianopolis Santa Catarina zt"]
[Site "Florianopolis"]
[Date "2015.09.13"]
[Round "5"]
[White "Panazzolo, Paulo Victor"]
[Black "Balbys, Fernanda Santoro Bo"]
[Result "1-0"]
[WhiteElo "1847"]
[BlackElo "1657"]
[PlyCount "61"]
[EventDate "2015.09.11"]
[EventType "swiss"]
[EventRounds "6"]
[EventCountry "BRA"]
[SourceTitle "EXT 2016"]
[Source "ChessBase"]
[SourceDate "2015.10.08"]
[SourceVersion "1"]
[SourceVersionDate "2015.10.08"]
[SourceQuality "1"]

1. Nf3 d5 2. c4 e6 3. d4 Nf6 4. Nc3 Be7 5. Bf4 0-0 6. e3 dxc4 7. Bxc4 b6 8. 0-0 Bb7 9. Qe2 Nbd7 10. h3 c5 11. Rfd1 Rc8 12. Ba6 Bxa6 13. Qxa6 Ra8 14. Rac1 Qc8 15. Qe2 Nb8 16. Nb5 Qa6 17. Rc2 Nbd7 18. b3 Nd5 19. a4 Nxf4 20. exf4 cxd4 21. Nfxd4 Rfc8 22. Rxc8+ Rxc8 23. Nxe6 Nf6 24. Nxg7 Kxg7 25. Qxe7 Re8 26. Qxa7 Qxa7 27. Nxa7 Re2 28. Rd6 Ne4 29. Rxb6 Re1+ 30. Kh2 Nxf2 31. Nc6 1-0

[Event "Florianopolis op"]
[Site "Florianopolis"]
[Date "2015.01.14"]
[Round "1"]
[White "Balbys, Fernanda Santoro Bo"]
[Black "Crespo de Oliveira, Lucas"]
[Result "0-1"]
[WhiteElo "1684"]
[BlackElo "2194"]
[PlyCount "46"]
[EventDate "2015.01.14"]
[EventType "swiss"]
[EventRounds "10"]
[EventCountry "BRA"]
[SourceTitle "CBM 164 Extra"]
[Source "ChessBase"]
[SourceDate "2015.03.02"]
[SourceVersion "1"]
[SourceVersionDate "2015.03.02"]
[SourceQuality "1"]

1. d4 Nf6 2. c4 c5 3. d5 e6 4. Nc3 exd5 5. Nxd5 Nxd5 6. Qxd5 Nc6 7. e4 d6 8. Bf4 Be6 9. Qd2 Qb6 10. b3 Be7 11. Nf3 Bf6 12. Rd1 Be5 13. Nxe5 dxe5 14. Be3 Rd8 15. Qc1 Rxd1+ 16. Qxd1 0-0 17. Be2 Rd8 18. Qc1 Qa5+ 19. Bd2 Qxa2 20. Bd1 a6 21. Qc3 Nb4 22. Bc1 Nd3+ 23. Kf1 Qxf2# 0-1

[Event "BRA-ch U20 Girls"]
[Site "Blumenau"]
[Date "2014.12.13"]
[Round "4"]
[White "Alboredo, Julia"]
[Black "Balbys, Fernanda Santoro Bo"]
[Result "1-0"]
[WhiteElo "2041"]
[BlackElo "1714"]
[PlyCount "45"]
[EventDate "2014.12.11"]
[EventType "swiss"]
[EventRounds "7"]
[EventCountry "BRA"]
[SourceTitle "EXT 2016"]
[Source "ChessBase"]
[SourceDate "2015.10.08"]
[SourceVersion "1"]
[SourceVersionDate "2015.10.08"]
[SourceQuality "1"]

1. e4 c6 2. d4 d5 3. exd5 cxd5 4. c4 e6 5. Nf3 Nf6 6. Nc3 Be7 7. cxd5 Nxd5 8. Bd3 0-0 9. 0-0 b6 10. Re1 Bb7 11. Ne5 Nc6 12. Nxd5 Qxd5 13. Be4 Qd6 14. Bf4 Rfe8 15. Bxh7+ Kxh7 16. Qh5+ Kg8 17. Qxf7+ Kh7 18. Re3 Bh4 19. Rh3 Qe7 20. Qh5+ Kg8 21. Rxh4 Qxh4 22. Qxh4 Nxd4 23. Re1 1-0

[Event "Imbituba op"]
[Site "Imbituba"]
[Date "2014.11.07"]
[Round "1"]
[White "Balbys, Fernanda Santoro Bo"]
[Black "Molina, Roberto Junio Brito"]
[Result "0-1"]
[WhiteElo "1717"]
[BlackElo "2417"]
[PlyCount "58"]
[EventDate "2014.11.07"]
[EventType "swiss"]
[EventRounds "6"]
[EventCountry "BRA"]
[SourceTitle "CBM 163 Extra"]
[Source "ChessBase"]
[SourceDate "2014.12.23"]
[SourceVersion "1"]
[SourceVersionDate "2014.12.23"]
[SourceQuality "1"]

1. d4 Nf6 2. c4 g6 3. Nc3 d5 4. cxd5 Nxd5 5. e4 Nxc3 6. bxc3 Bg7 7. Be2 c5 8. Be3 0-0 9. h3 Qa5 10. Qd2 Nc6 11. Nf3 Rd8 12. Rd1 cxd4 13. cxd4 b6 14. 0-0 Qxd2 15. Rxd2 Bb7 16. Rc1 Rac8 17. d5 Nb4 18. Rc4 Rxc4 19. Bxc4 Rc8 20. Be2 Bc3 21. Rd1 Nxa2 22. e5 Bb4 23. d6 Nc3 24. d7 Nxe2+ 25. Kf1 Rd8 26. Ng5 Ba6 27. Ra1 Ba5 28. Nf3 Rxd7 29. Ng1 Ng3# 0-1